000 00410nam a2200169Ia 4500
008 210716s1997 xx 000 0 und d
020 _a0395882753
041 _aeng
082 _a050 BRUB
100 _aBrunner, Borgna.
245 _aTime almanac 1998.
250 _a1
260 _aBoston
_bInformation Please LLC
_c1997
300 _a1023
650 _aGeneral Management
700 _aBrunner, Borgna.
999 _c198982
_d198982